"Stadt der Kolonien" : (Titelsatznr. 74087)
[ MARC ]
| 000 -Satzkennung | |
|---|---|
| Kontrollfeld mit fester Länge | 02057nam a22003613i 4500 |
| 001 - Kontrollnummer | |
| Kontrollfeld | EBC31600934 |
| 003 - Kontrollnummer Identifier | |
| Kontrollfeld | MiAaPQ |
| 005 - Datum und Zeit der letzten Transaktion | |
| Kontrollfeld | 20260417131151.0 |
| 007 - Feld mit fester Länge zur physischen Beschreibung - Allgemeine Information | |
| Kontrollfeld mit fester Länge | cr cnu|||||||| |
| 008 - Feld mit fester Länge zur physischen Beschreibung - Allgemeine Angaben | |
| Kontrollfeld mit fester Länge | 260416s2024 xx o ||||0 ger d |
| 020 ## - Internationale Standardbuchnummer | |
| Internationale Standardbuchnummer | 9783451833915 |
| Nähere Angaben | (electronic bk.) |
| 040 ## - Katalogisierungsquelle | |
| Original-Katalogisierungsstelle | MiAaPQ |
| Katalogisierungssprache | eng |
| Übertragungsstelle | MiAaPQ |
| 100 1# - Haupteintragung - Personenname | |
| Personenname | Aselmeyer, Norman. |
| Koha-Normdatenidentnummer | 69057 |
| 245 10 - Titel | |
| Titel | "Stadt der Kolonien" : |
| Zusatz zum Titel | Wie Bremen Den Deutschen Kolonialismus Prägte. |
| 250 ## - Ausgabebezeichnung | |
| Ausgabebezeichnung | 1st ed. |
| 264 #1 - Produktion, Veröffentlichung, Distribution, Herstellung und Urheberrechtsvermerk | |
| Herstellungs-, Veröffentlichungs- Vertriebs-, Erzeugungsort | München : |
| Produzent, Herausgeber, Distributor, Hersteller | Herder Verlag, |
| Datum der Herstellung, der Veröffentlichung, des Vertriebs oder des Urheberschutzvermerks | 2024. |
| 264 #4 - Produktion, Veröffentlichung, Distribution, Herstellung und Urheberrechtsvermerk | |
| Datum der Herstellung, der Veröffentlichung, des Vertriebs oder des Urheberschutzvermerks | {copy}2024. |
| 300 ## - Physische Beschreibung | |
| Umfang | 1 online resource (289 pages) |
| 336 ## - Inhaltstyp | |
| Inhaltstypterm | Text |
| Inhaltstypcode | txt |
| Quelle | rdacontent |
| 337 ## - Medientyp | |
| Bezeichnung des Medientyps | Computermedien |
| Medientypcode | c |
| Quelle | rdamedia |
| 338 ## - Datenträgertyp | |
| Datenträgertypbezeichnung | Online Resource |
| Datenträgertypcode | cr |
| Quelle | rdacarrier |
| 500 ## - Allgemeine Fußnote | |
| Allgemeine Fußnote | E-Book-ProQuest / Fernzugriff nach Registrierung möglich |
| 520 ## - Fußnote zu Zusammenfassungen usw. | |
| Fußnote zur Zusammenfassung usw. | This book explores Bremen's historical involvement in German colonialism, highlighting the city's role as a commercial hub that both benefited from and contributed to colonial ventures. It delves into Bremen's engagement with European colonialism through trade in commodities like coffee, cotton, and tobacco, and examines how this history is reflected in the city's landmarks and collective memory, such as the iconic stone elephant monument. The book addresses the critical examination of Bremen's colonial past since the 1970s, featuring accounts from activists and scholars on significant sites, events, and figures related to colonial and postcolonial narratives. It is an informative resource for readers interested in Germany's colonial history and its lasting impacts on contemporary society. |
| 651 #0 - Nebeneintragung unter einem Schlagwort - Geografischer Name | |
| Geografischer Name | Bremen (Germany) |
| Koha-Normdatenidentnummer | 69058 |
| 653 ## - Indexierungsterm - Nicht normiert | |
| Nicht-normierter Term | Postcolonialism. |
| 655 ## - Indexierungsterm - Genre/Form | |
| Genre/Form oder fokussierter Term | Fernzugriff |
| Koha-Normdatenidentnummer | 230 |
| 655 #4 - Indexierungsterm - Genre/Form | |
| Genre/Form oder fokussierter Term | |
| 700 1# - Nebeneintragung - Personenname | |
| Personenname | Kamche, Virginie. |
| Koha-Normdatenidentnummer | 69059 |
| 776 08 - Andere physische Form | |
| Verweisungsphrase | Print version: |
| Haupteintragung | Aselmeyer, Norman |
| Titel | "Stadt der Kolonien" |
| Ort, Verlag und Erscheinungsjahr | München : Herder Verlag,c2024 |
| 856 40 - Elektronische Adresse und Zugriff | |
| URL | <a href="https://ebookcentral.proquest.com/lib/maxweberstiftung-ebooks/detail.action?docID=31600934">https://ebookcentral.proquest.com/lib/maxweberstiftung-ebooks/detail.action?docID=31600934</a> |
| OPAC-Notiz | Volltext |
| 942 ## - Zusätzliche Felder (Koha) | |
| Koha-Medientyp | E-Books |
| Klassifikation oder Aufstellungssystematik | Andere/Generische Klassifikation |
| Ausgeschieden | Verloren | Klassifikation oder Aufstellungssystematik | Beschädigt | Nicht entleihbar | Heimatbibliothek | Aufenthaltsbibliothek | Aufstellungsort | Erwerbungsdatum | Inventarnummer | Signatur | Barcode | Letzte Aktivität | Preis gültig von | Koha-Medientyp |
|---|---|---|---|---|---|---|---|---|---|---|---|---|---|---|
| Andere/Generische Klassifikation | MWN Osteuropa | MWN Osteuropa | Online-Ressource | 16/04/2026 | 26-e00327 | E-26-e00327 | 77024 | 16/04/2026 | 16/04/2026 | E-Books |